Angielskie Drużyny na literę B - Statystyki

Ogólne statystyki
  • Ten quiz został rozwiązany 77 razy
  • Średni wynik to 6 z 14
Statystyki odpowiedzi
Kluby % Poprawnych
Birmingham
75%
Brighton
75%
Brentford
64%
Burnley
63%
Bolton
59%
Bournemouth
53%
Barnsley
45%
Bristol City
42%
Blackburn
41%
Blackpool
27%
Bradford
21%
Burton Albion
12%
Bristol Rovers
10%
Barrow
4%
Nie znaleziono quizów pasujących do podanych kryteriów
Rozkład punktacji
Procent ludzi z każdym wynikiem
Percentyl według liczby udzielonych odpowiedzi
Twoja historia wyników
Nie rozwiązałeś tego quizu